Elaboración de manual de procedimientos constructivos de estructuras de pavimento ASFALTICO, tramo: ampliación carretera Masaya-Granada 1 km
La investigación presenta un manual de procedimientos constructivos de estructura de pavimento flexible, utilizando como base, las actividades desarrolladas en el tramo de Carretera. Revestimiento de carretera Masaya – Granada. Tramo I: Intersección Las Flores Est.0+000-0+400, Tramo II Rotonda J...
| Main Authors: | , |
|---|---|
| Other Authors: | |
| Format: | Tesis Section = Libro |
| Language: | Undetermined Spanish |
| Published: |
Managua
UNI
2021
|
| Subjects: |
| LEADER | 01301nam a2200265Ia 4500 | ||
|---|---|---|---|
| 008 | 240830s9999 xx 000 0 und d | ||
| 040 | |a BIBLIOTECA-RUPAP/ Mon 625.85 V297 | ||
| 041 | |a spa | ||
| 082 | |a Mon 625.85 V297 | ||
| 100 | 1 | |a Vargas Herrera, Luisa Amanda | |
| 100 | 1 | |b Dávila Noguera, Michael Scottie | |
| 245 | 1 | 0 | |a Elaboración de manual de procedimientos constructivos de estructuras de pavimento ASFALTICO, tramo: ampliación carretera Masaya-Granada 1 km |
| 260 | |a Managua |b UNI |c 2021 | ||
| 300 | |a 108 p.:il. | ||
| 500 | |a Contiene: anexos y CD. | ||
| 502 | |a Tesis (Ingeniero Civil)- UNI, 2021. | ||
| 520 | 3 | |a La investigación presenta un manual de procedimientos constructivos de estructura de pavimento flexible, utilizando como base, las actividades desarrolladas en el tramo de Carretera. Revestimiento de carretera Masaya – Granada. Tramo I: Intersección Las Flores Est.0+000-0+400, Tramo II Rotonda Jockey Club –Semáforos Colegio María Auxiliadora, Est. 0+000 – 0+600. | |
| 650 | 7 | |a PAVIMENTOS DE ASFALTO | |
| 650 | 7 | |b PAVIMENTOS-DISEÑO Y CONSTRUCCION | |
| 650 | 7 | |c MATERIALES PARA CARRETERAS | |
| 650 | 7 | |d CARRETERAS-MANTENIMIENTRO Y REPARACION. | |
| 700 | 1 | |a Tutor: |b Reyes Morales, Maritza Isabel | |
| 942 | |c BK |2 ddc | ||
| 991 | |a TESIS | ||
| 999 | |c 19032 | ||